Teoría y problemas de teoría de grupos

Guardat en:
Dades bibliogràfiques
Autors principals: Baumslag, Benjamin (Autor), Chandler, Bruce (Autor)
Format: Llibre
Idioma:espanyol
Publicat: Ciudad de México McGraw-Hill 1972
Col·lecció:Serie de Compendios Schaum
Matèries:
Etiquetes: Afegir etiqueta
Sense etiquetes, Sigues el primer a etiquetar aquest registre!

MARC

LEADER 00000nam a2200000 a 4500
001 UCX0999
003 CL-VaPUC
008 900515e19720000MX |||||||||||||||||spa|d
082 0 4 |a 512.22  |b BAU  |2 21 
100 0 |a Baumslag, Benjamin  |e author  |9 316379 
700 0 |a Chandler, Bruce  |e author  |9 316380 
245 1 0 |a Teoría y problemas de teoría de grupos 
246 1 0 |a Teoría de grupos 
300 |a 282 p 
942 |c BK 
945 |d 19900515 00:00:00 
260 |a Ciudad de México  |b McGraw-Hill  |c 1972 
650 0 |a Teoría de grupos   |9 270028 
583 |a last modification  |c 19900515 00:00:00  |k Rodrigo Vera 
490 0 |a Serie de Compendios Schaum 
999 |c 222353  |d 222351 
952 |0 0  |1 0  |4 0  |6 512_220000000000000_BAU_1972  |7 0  |8 A  |9 216932  |a BIBMAT  |b BIBMAT  |d 2019-11-15  |i 3173569  |o 512.22 BAU 1972  |p 3173569  |r 2025-01-07  |w 2019-11-15  |y BK  |k MAT 
952 |0 0  |1 0  |4 0  |6 512_220000000000000_BAU_1972  |7 0  |8 A  |9 216933  |a BIBMAT  |b BIBMAT  |d 2019-11-15  |i 1492799  |o 512.22 BAU 1972  |p 1492799  |r 2025-01-07  |w 2019-11-15  |y BK  |k MAT 
952 |0 0  |1 0  |4 0  |6 512_220000000000000_BAU_1972  |7 0  |8 A  |9 216934  |a BIBMAT  |b BIBMAT  |d 2019-11-15  |i 1492748  |o 512.22 BAU 1972  |p 1492748  |r 2025-01-07  |w 2019-11-15  |y BK  |k MAT 
952 |0 0  |1 0  |4 0  |6 512_220000000000000_BAU_1972  |7 0  |8 A  |9 216935  |a BIBMAT  |b BIBMAT  |d 2019-11-15  |i 1492012  |o 512.22 BAU 1972  |p 1492012  |r 2025-01-07  |w 2019-11-15  |y BK  |k MAT 
952 |0 0  |1 0  |4 0  |6 512_220000000000000_BAU_1972  |7 0  |8 A  |9 216936  |a BIBMAT  |b BIBMAT  |d 2019-11-15  |i 1492063  |o 512.22 BAU 1972  |p 1492063  |r 2025-01-07  |w 2019-11-15  |y BK  |k MAT